Návrh zariadenia na meranie netesnosti tlakových zariadení pri nízkom tlaku : Bakalárska práca

Gespeichert in:
Bibliographische Detailangaben
1. Verfasser: Toth, Juraj (Verfasst von)
Weitere Verfasser: Schwach, Milan (xxx)
Format: Manuskript Buch
Sprache:Slowakisch
Veröffentlicht: Trnava : STU v Bratislave MtF KTZS, 2006
Schlagworte:
Tags: Tag hinzufügen
Keine Tags, Fügen Sie das erste Tag hinzu!

MARC

LEADER 00000ntm a22000003a 4500
001 stu129438
005 20160719155512.0
008 061109s2006----xo------------------slo-d
040 |a STU  |b slo 
041 0 |a slo 
044 |a xo 
100 1 |a Toth, Juraj  |4 aut 
245 1 |a Návrh zariadenia na meranie netesnosti tlakových zariadení pri nízkom tlaku :  |b Bakalárska práca 
260 |a Trnava :  |b STU v Bratislave MtF KTZS,  |c 2006 
300 |a 52 s  |c 1 CD-ROM 
650 7 |a technologické zariadenia a systémy  |2 stusub 
650 7 |a netesnosti  |2 stusub 
700 1 |a Schwach, Milan  |4 xxx 
700 1 |a Matúšová, Miriam,  |d 1977-  |4 csl  |u M2000  |U MTF Materiálovotechnologická fakulta  |T MTF Ústav výrobných systémov a aplikovanej mechaniky  |X 4309  |U M2000  |Y 82  |7 A000004309 
996 |b 284M074758  |c M*BP-1994  |l MMSKP  |s P  |a 0  |w stu129438_0001